<?xml version="1.0" encoding="UTF-8"?><OAI-PMH xmlns="http://www.openarchives.org/OAI/2.0/" xmlns:xsi="http://www.w3.org/2001/XMLSchema-instance"     xsi:schemaLocation="http://www.openarchives.org/OAI/2.0/ http://www.openarchives.org/OAI/2.0/OAI-PMH.xsd"><responseDate>2026-05-16T14:08:54Z</responseDate><request verb="GetRecord" identifier="oai:regmurcia.com:fintegr.1521" metadataPrefix="marc21">http://oai.regmurcia.com/oai2/oai2.php</request><GetRecord><record><header><identifier>oai:regmurcia.com:fintegr.1521</identifier><datestamp>2026-05-16</datestamp><setSpec>documentos</setSpec></header><metadata><record  xmlns="http://www.loc.gov/MARC21/slim" xmlns:xsi="http://www.w3.org/2001/XMLSchema-instance" xsi:schemaLocation="http://www.loc.gov/MARC21/slim http://www.loc.gov/standards/marcxml/schema/MARC21slim.xsd" type="Bibliographic"><leader>00000nam a2200000   4500</leader><controlfield tag="001" >005074163</controlfield><controlfield tag="003" >1521</controlfield><controlfield tag="004" >A00000000</controlfield><datafield tag="245" ind1=" " ind2=" "><subfield code="a">Carta abierta de Alfonso X a los herederos de los donadíos de Lorca, otorgando al concejo los frutos de su término para que sean repartidos en caballerías y peonías debido a la escasez.</subfield></datafield><datafield tag="300" ind1=" " ind2=" "><subfield code="c">146 x 196 mm.</subfield></datafield><datafield tag="351" ind1=" " ind2=" "><subfield code="a">Unidad Documental</subfield><subfield code="c">Archivo de Lorca. Array</subfield><subfield code="a">Unidad Documental</subfield><subfield code="c">Archivo de Lorca. Array</subfield></datafield><datafield tag="351" ind1=" " ind2=" "><subfield code="b">Pergamino 16</subfield></datafield><datafield tag="505" ind1=" " ind2=" "><subfield code="a">/codom/3/075.pdf</subfield></datafield><datafield tag="506" ind1=" " ind2=" "><subfield code="a">Acceso restringido</subfield></datafield><datafield tag="510" ind1=" " ind2=" "><subfield code="a">Pub . CANOVAS COBEÑO, FRANCISCO. Historia de la ciudad de Lorca. Lorca: Imprenta el Noticiero, s.f. [Cc. 1890], p. 191. 
Pub. TORRES FONTES, JUAN. Fueros y privilegios de Alfonso X el Sabio al Reino de Murcia.  Murcia: Academia Alfonso X El Sabio, 1973, p. 101.</subfield></datafield><datafield tag="520" ind1=" " ind2=" "><subfield code="a">Alfonso X concede al concejo de Lorca todos los frutos de su término, para que se repartan en caballlerías y peonías para que se puedan mantener debido a  la escasez de trigo.</subfield></datafield><datafield tag="583" ind1=" " ind2=" "><subfield code="u">http://www.regmurcia.com/servlet/s.Sl?METHOD=VERDOCUMENTO&amp;sit=serv,Carmesi&amp;n=/10/2836/indice.djvu</subfield></datafield><datafield tag="592" ind1=" " ind2=" "><subfield code="a">1266-09-09</subfield></datafield><datafield tag="592" ind1=" " ind2=" "><subfield code="d">1266-09-09 00:00:00</subfield></datafield><datafield tag="651" ind1=" " ind2=" "><subfield code="a">Sevilla</subfield></datafield><datafield tag="786" ind1=" " ind2=" "><subfield code="o">http://www.regmurcia.com/servlet/s.Sl?METHOD=VERDOCUMENTO&amp;sit=serv,Carmesi&amp;n=/10/2836/indice.djvu</subfield></datafield><datafield tag="856" ind1=" " ind2=" "><subfield code="u">http://www.regmurcia.com/servlet/s.Sl?METHOD=DETALLE&amp;sit=c,373,m,139,serv,Carmesi&amp;id=1521</subfield></datafield></record></metadata></record></GetRecord></OAI-PMH>
